00300nam a2200121Ia 4500008004000000082001600040100000600056245005300062260002900115300000800144440000600152650002000158210210b1967 xxu||||| |||| 00| 0 eng d a039.1H SACH a- aSachitr vishwkosh. 10V.V5- krishi udhyog vyapar. aN DbRajpal & Sonsc1967 a102 a5 aEncyclopaedia